<?xml version="1.0" encoding="UTF-8"?>
<record
    xmlns:xsi="http://www.w3.org/2001/XMLSchema-instance"
    xsi:schemaLocation="http://www.loc.gov/MARC21/slim http://www.loc.gov/standards/marcxml/schema/MARC21slim.xsd"
    xmlns="http://www.loc.gov/MARC21/slim">

  <leader>01105nam a2200253 a 4500</leader>
  <controlfield tag="008">240827e2012    ag ||||g |||| 001 0 spa d</controlfield>
  <datafield tag="020" ind1=" " ind2=" ">
    <subfield code="a">9789875745506</subfield>
  </datafield>
  <datafield tag="041" ind1=" " ind2=" ">
    <subfield code="a">spa</subfield>
  </datafield>
  <datafield tag="092" ind1=" " ind2=" ">
    <subfield code="c">121</subfield>
    <subfield code="l">10</subfield>
    <subfield code="s">CAR</subfield>
  </datafield>
  <datafield tag="100" ind1="1" ind2=" ">
    <subfield code="a">Carli, Alberto.</subfield>
    <subfield code="9">4209</subfield>
  </datafield>
  <datafield tag="245" ind1=" " ind2="3">
    <subfield code="a">El conocimiento en las ciencias de la salud.</subfield>
    <subfield code="b">Aportes para una reflexi&#xF3;n epistemol&#xF3;gia /</subfield>
    <subfield code="c">Alberto Carli.</subfield>
  </datafield>
  <datafield tag="250" ind1=" " ind2=" ">
    <subfield code="a">1a ed.</subfield>
  </datafield>
  <datafield tag="260" ind1=" " ind2=" ">
    <subfield code="a">Buenos Aires:</subfield>
    <subfield code="b">Prometeo libros;</subfield>
    <subfield code="c">2012.</subfield>
  </datafield>
  <datafield tag="300" ind1=" " ind2=" ">
    <subfield code="a">144 p.</subfield>
    <subfield code="b">21 x15 cm.</subfield>
  </datafield>
  <datafield tag="500" ind1=" " ind2=" ">
    <subfield code="a">Carli, A. y Kennel, B. L. (2012). El conocimiento en las ciencias de la salud. Aportes para una reflexi&#xF3;n epistemol&#xF3;gica. (1a ed.) Buenos Aires : Prometeo libros.</subfield>
  </datafield>
  <datafield tag="653" ind1=" " ind2=" ">
    <subfield code="a">La epistemolog&#xED;a como estrategia de reflexi&#xF3;n en las ciencias.</subfield>
  </datafield>
  <datafield tag="653" ind1=" " ind2=" ">
    <subfield code="a">La ciencias de la salud: naturaleza de su objeto de estudio.</subfield>
  </datafield>
  <datafield tag="653" ind1=" " ind2=" ">
    <subfield code="a">Las ciencias de la salud, naturaleza de su objeto de estudio.</subfield>
  </datafield>
  <datafield tag="653" ind1=" " ind2=" ">
    <subfield code="a">El complejo salud-enfermedad.</subfield>
  </datafield>
  <datafield tag="653" ind1=" " ind2=" ">
    <subfield code="a">El sujeto cientif&#xED;co.</subfield>
  </datafield>
  <datafield tag="653" ind1=" " ind2=" ">
    <subfield code="a">Por qu&#xE9; una epistemolog&#xED;a de las ciencias de la salud.</subfield>
  </datafield>
  <datafield tag="700" ind1="1" ind2=" ">
    <subfield code="t">Kennel, Beatriz Liliana.</subfield>
    <subfield code="9">4210</subfield>
  </datafield>
  <datafield tag="942" ind1=" " ind2=" ">
    <subfield code="2">ddc</subfield>
    <subfield code="c">BK</subfield>
  </datafield>
  <datafield tag="999" ind1=" " ind2=" ">
    <subfield code="c">3195</subfield>
    <subfield code="d">3195</subfield>
  </datafield>
  <datafield tag="952" ind1=" " ind2=" ">
    <subfield code="0">0</subfield>
    <subfield code="1">0</subfield>
    <subfield code="2">ddc</subfield>
    <subfield code="4">0</subfield>
    <subfield code="7">0</subfield>
    <subfield code="a">BFM</subfield>
    <subfield code="b">BFM</subfield>
    <subfield code="c">CR</subfield>
    <subfield code="d">2024-08-26</subfield>
    <subfield code="e">Donaci&#xF3;n Verde Horacio. Agosto 2024</subfield>
    <subfield code="l">0</subfield>
    <subfield code="o">121 10 CAR</subfield>
    <subfield code="p">4909</subfield>
    <subfield code="r">2024-08-27</subfield>
    <subfield code="t">Ej. 1</subfield>
    <subfield code="w">2024-08-27</subfield>
    <subfield code="y">BK</subfield>
    <subfield code="z">Donaci&#xF3;n Verde Horacio. Agosto 2024.</subfield>
    <subfield code="f"></subfield>
  </datafield>
</record>
